Drapeaux Européens : ordre aléatoire - Statistiques

Statistiques générales
  • Ce quiz a été pris 404 fois
  • Le résultat moyen est 37 sur 45
Statistiques - réponses
Par images Réponse % Correct
France
93%
Allemagne
91%
Espagne
91%
Grèce
91%
Portugal
91%
Irlande
90%
Italie
90%
Royaume Uni
90%
Suède
90%
Belgique
89%
Suisse
88%
Ukraine
88%
Croatie
87%
Finlande
87%
Pays-Bas
87%
Roumanie
87%
Albanie
86%
Norvège
86%
Russie
85%
Danemark
84%
Pologne
84%
Vatican
84%
République Tchèque
83%
Islande
82%
Macédoine du Nord
81%
Kosovo
80%
Luxembourg
80%
Malte
80%
Autriche
79%
Monaco
78%
Saint-Marin
77%
Serbie
77%
Estonie
76%
Hongrie
76%
Slovaquie
76%
Bosnie-Herzégovine
75%
Bulgarie
74%
Slovénie
74%
Lettonie
73%
Andorre
69%
Biélorussie
69%
Lituanie
68%
Liechtenstein
67%
Monténégro
66%
Moldavie
65%
Aucun quiz correspondant
Distribution des résultats
% des personnes avec chaque résultat
Percentile par nombre de réponses
Votre historique - résultats
Vous n’avez pas pris ce quiz